Outlier or not? The Ukrainian Economy’s Preparedness for EU Accession

Enregistré dans:
Détails bibliographiques
Autres auteurs: Kosmehl, Miriam, Weiss, Stefani, Ward, Josh
Format: Livre
Langue:anglais
Publié: Vienna The Vienna Institute for International Economic Studies 2023
Sujets:
Tags: Ajouter un tag
Pas de tags, Soyez le premier à ajouter un tag!

MARC

LEADER 00000nlm a2200000 4500
001 0297295
005 20240111152532.8
041 0 |a eng 
044 |a AT 
245 1 0 |a Outlier or not?  |b The Ukrainian Economy’s Preparedness for EU Accession  |c responsible: Miriam Kosmehl, Stefani Weiss, editing: Josh Ward 
264 1 |a Vienna  |b The Vienna Institute for International Economic Studies  |c 2023 
300 |a 59 s. 
610 2 0 |a integrácia ekonomická medzinárodná 
610 2 0 |a spolupráca hospodárska medzinárodná 
610 2 0 |a Európska únia 
610 2 0 |a hospodárstvo národné 
610 2 0 |a stabilita hospodárstva 
610 2 0 |a Ukrajina 
700 1 |a Kosmehl, Miriam 
700 1 |a Weiss, Stefani 
700 1 |a Ward, Josh